Score 0/26 Timer 05:00
1 Play Today
Headline Real (R) or Fake (F) % Correct
Cost of Being Poor Rising???
86%
Missippi's Literacy Program Shows Improvement???
78.7%
Old Man Yells at Cloud???
68.3%
Yes, I'd Like To Be Castrated, Please???
68.2%
Mike Tyson to Purchase Van Gogh Ear for $6.7m in Auction???
67.7%
Queen Mary Having Bottom Scraped???
66.1%
Male Infertility Can Be Passed on to Children???
63.6%
Celibacy Could Make Priests Extinct???
62.5%
Cow Attacks School Cook???
62.1%
Dutch to Extend Free Heroin Hand-Outs to Addicts???
61.3%
Zookeepers Suspended for Eating Animals???
61.2%
Chick Accuses Some of Her Male Colleagues of Sexism???
60.4%
Heart Donor Recovers???
59.5%
Headline Real (R) or Fake (F) % Correct
Mad Cow Talks???
55.2%
Mary Poppins Is A Black Man???
48.4%
Dumped Fish Remains Upset???
47.8%
Homicide Victim Awarded Lifetime Supply of Gasoline???
47.7%
American Customs Strenuous for Aliens???
45.2%
British Push Bottles Up German Rear???
42.6%
Dog Indicted on Charges of Bestiality???
41.9%
Rehab Center Cuts Prisoners in Half???
39.7%
Failure of New Medication Saddens Patients with Depression???
35.7%
'Kid Cuisine' Linked to Cancer, Experts Say???
35.2%
Deaf Man Thrilled to Hear of New Treatment???
33.4%
Union Upset after 300 Employees Fired from Canon???
28.6%
Clown Suit No Laughing Matter???
25.1%

You're not logged in!

Compare scores with friends on all Sporcle quizzes.
OR
Log In

Sporcle TV

Today on Sporcle TV


Watch our educational content, quiz creation guides, and fun videos on Sporcle TV.

Show Comments

Extras

Top Quizzes Today


Score Distribution

Paid Content

Your Account Isn't Verified!

In order to create a playlist on Sporcle, you need to verify the email address you used during registration. Go to your Sporcle Settings to finish the process.

Report this User

Report this user for behavior that violates our Community Guidelines.

Details: